00305nam a2200121Ia 4500008004100000041000800041082001500049100001800064245002200082260004400104300002400148365001100172240624s9999 xx 000 0 und d aeng a657.45 TAU aTAUBE DAVID C aFRANCHISING AUDIT aUKbCambridge Strategy Publications Ltd a137 : p. : cm. ; 29 cRSb50